000
00335 a2200145 4500
020
_a
978-7-119-13527-4
040
_a
ISPLB
082
_b
327
100
_9
1011
_a
XI,Jinping
245
_a
Obras Selecionadas de Xi Jinping
260
_a
China ,
_b
Linguas Estrangeiras
_c
2024.
300
_a
739p
650
_a
Politica
942
_c
Livros
999
_c
2184
_d
2184